| 000 | 00648nam a22001937a 4500 | ||
|---|---|---|---|
| 020 | _a9693521757 | ||
| 082 |
_a891.4391 _bQAS |
||
| 100 | _aQasmi, Naheed, | ||
| 245 |
_aNasir Kazmi: Shakhsiyat aur fun / _cDr. Naheed Qasmi. |
||
| 260 |
_aLahore : _bSang-e-Meel Publications, _c2008. |
||
| 300 | _a224p. | ||
| 563 | _aHB | ||
| 650 |
_aHistory and criticism _9129771 |
||
| 650 |
_aBiography. _9461 |
||
| 880 |
_6100-01\(3\r _aناصر کاظمی :شخصیت اور فن / |
||
| 880 |
_6100-02\(3\r _aڈاکٹر ناہید قاسمی۔ |
||
| 880 |
_6100-03\(3\r _aلاہور : _bسنگ میل پبلیکیشنز، _c2008. |
||
| 942 |
_2ddc _cBK |
||
| 999 |
_c614332 _d614332 |
||